000 01060nam0a22002531 4500
001 rc\4498420
005 20260408012111.0
021 _aRU
_b[61-63123]
035 _a(NLR Aleph) 008612099
090 _a8770285
_c8770285
100 _a20130416d1961 |||y0rusy50 ca
101 0 _arus
102 _aRU
105 _ay z |||||
200 1 _aУсловия Конкурса на разработку предложений по механизации работ у горна доменной печи
_fНауч.-техн. о-во черной металлургии
210 _aМосква
_cБ. и.
_d1961
215 _a13 с.
_d22
606 _aДоменное производство
_xМеханизация
_xКонкурсы
_2psbo
710 1 2 _aКонкурс на разработку предложений по механизации работ у горна доменной печи
_f1961-1962
_9844433
_3RU\NLR\AUTH\8810174182
801 0 _aRU
_bNLR
_gpsbo
801 1 _aRU
_bELAR
_2rusmarc
852 _aNLR
_j61-6/8388
942 _cBOOK
980 _aNB